000 00218 a2200097 4500
001 30183
100 _aMontgomery R G
245 _aThe Golden stallion's
260 _aLondon
_bWhite Lion Pub
_c
090 _c20126
_d20126
942 _aNUST-CAE
_cM
_c11255
999 _c265256
_d265256